00917nam a22001817a 450000500170000000800410001702000180005804000070007604100080008308200210009110000160011224500240012826000300015230000260018236500620020852004330027065000320070320231202102229.0220411b ||||| |||| 00| 0 eng d a9780889220003 cAL aeng 223a812.54bRYGE aGeorge Ryga aEcstasy of rita joe aCanadabTalon Booksc2017 a112p.bPBc21.5x14cm. 2Generala6193b₹879.20c₹d₹1099.00e20%f1-03-2022 aRita Joe is a Native girl who leaves the reservation for the city only to die on skid row as a victim of white men’s violence and paternalistic attitudes towards First Nations peoples. As perhaps the best-known contemporary Canadian play and a poetic drama of enormous theatrical power The Ecstasy of Rita Joe had a major influence in awakening consciousness to the “Indian problem” both in whites and Natives themselves.  2Literature aAmerican Drama